Franciscan Martyrs In England (Record no. 5693)

MARC details
000 -LEADER
fixed length control field 00389nam a2200145Ia 4500
008 - FIXED-LENGTH DATA ELEMENTS--GENERAL INFORMATION
fixed length control field 211109s9999||||xx |||||||||||||| ||und||
082 ## - DEWEY DECIMAL CLASSIFICATION NUMBER
Classification number 230
Item number MRS-F
100 ## - MAIN ENTRY--PERSONAL NAME
Personal name Mrs Hope,
245 #0 - TITLE STATEMENT
Title Franciscan Martyrs In England
260 ## - PUBLICATION, DISTRIBUTION, ETC.
Name of publisher, distributor, etc. Burnes Oats
Place of publication, distribution, etc. London
Date of publication, distribution, etc. 1978
300 ## - PHYSICAL DESCRIPTION
Extent 250p.
630 ## - SUBJECT ADDED ENTRY--UNIFORM TITLE
General subdivision General Stack
650 ## - SUBJECT ADDED ENTRY--TOPICAL TERM
Topical term or geographic name entry element CHRISTIANITY
942 ## - ADDED ENTRY ELEMENTS (KOHA)
Koha item type BOOK
650 ## - SUBJECT ADDED ENTRY--TOPICAL TERM
Form subdivision CHRISTIAN THEOLOGYRELIGION
General subdivision Generalia
Holdings
Withdrawn status Lost status Damaged status Not for loan Home library Current library Date acquired Cost, normal purchase price Total Checkouts Full call number Barcode Shelving location Date last seen Price effective from Koha item type
        SB LIBRARY SB LIBRARY 09/11/2021 100.00   230 MRS-F 00006166 GENERAL STACK 09/11/2021 09/11/2021 BOOK

Powered by Koha